[Event "ROM-ch U12 Girls"]
[Site "Calimanesti Caciulata"]
[Date "2016.04.24"]
[Round "8"]
[White "Dorobantu, Maria Andreea"]
[Black "Marin, Alexia Iuliana"]
[Result "1/2-1/2"]
[WhiteElo "1082"]
[BlackElo "1262"]
[PlyCount "37"]
[EventDate "2016.04.18"]
[EventType "swiss"]
[EventRounds "9"]
[EventCountry "ROU"]
[SourceTitle "CBM 172 Extra"]
[Source "ChessBase"]
[SourceDate "2016.06.21"]
[SourceVersion "1"]
[SourceVersionDate "2016.06.21"]
[SourceQuality "1"]

1. c4 e6 2. g3 Nf6 3. Bg2 d5 4. cxd5 exd5 5. e3 Be7 6. Ne2 0-0 7. Nbc3 Nc6 8. 0-0 Be6 9. b3 h6 10. h3 Qd7 11. Kh2 Nh7 12. Nf4 Nf6 13. Nxe6 fxe6 14. d4 Kh8 15. Bb2 Nh7 16. Qd2 Ng5 17. f4 Nf7 18. Qf2 Nd6 19. e4 1/2-1/2

[Event "ROM-ch U12 Girls"]
[Site "Calimanesti Caciulata"]
[Date "2016.04.19"]
[Round "2"]
[White "Dorobantu, Maria Andreea"]
[Black "Mirza, Hana Carmina"]
[Result "1/2-1/2"]
[WhiteElo "1082"]
[BlackElo "1274"]
[PlyCount "64"]
[EventDate "2016.04.18"]
[EventType "swiss"]
[EventRounds "9"]
[EventCountry "ROU"]
[SourceTitle "CBM 172 Extra"]
[Source "ChessBase"]
[SourceDate "2016.06.21"]
[SourceVersion "1"]
[SourceVersionDate "2016.06.21"]
[SourceQuality "1"]

1. c4 e5 2. g3 Nf6 3. Bg2 Nc6 4. e3 Bb4 5. Ne2 a6 6. Nbc3 0-0 7. 0-0 d6 8. b3 Bg4 9. Bb2 Qd7 10. d4 exd4 11. exd4 Bxc3 12. Bxc3 d5 13. c5 Rfe8 14. f3 Bh3 15. Nf4 Bxg2 16. Kxg2 Re3 17. Qd2 Rae8 18. Rfe1 Rxe1 19. Rxe1 Rxe1 20. Qxe1 Qf5 21. Qe2 h6 22. Qd3 Qxd3 23. Nxd3 Kf8 24. Nb4 Nxb4 25. Bxb4 c6 26. Kf2 Ke7 27. Ke3 Ke6 28. Kf4 Ng8 29. Bd2 Ne7 30. Kg4 Nf5 31. Bc3 g6 32. h4 Kf6 1/2-1/2

[Event "ROM-ch U10 Girls"]
[Site "Calimanesti"]
[Date "2015.04.06"]
[Round "9"]
[White "Dorobantu, Maria Andreea"]
[Black "Voicu, Rebeca Maria"]
[Result "0-1"]
[WhiteElo "1001"]
[BlackElo "1001"]
[PlyCount "62"]
[EventDate "2015.03.30"]
[EventType "swiss"]
[EventRounds "9"]
[EventCountry "ROU"]
[SourceTitle "CBM 165 Extra"]
[Source "ChessBase"]
[SourceDate "2015.04.21"]
[SourceVersion "1"]
[SourceVersionDate "2015.04.21"]
[SourceQuality "1"]

1. c4 c5 2. Nf3 Nf6 3. d4 b6 4. dxc5 bxc5 5. Bf4 e5 6. Bxe5 Qa5+ 7. Qd2 Qb6 8. Bxf6 Qxf6 9. Nc3 Be7 10. Qd5 Nc6 11. Nb5 a6 12. Nc7+ Kd8 13. Nxa8 Bb7 14. Nb6 Kc7 15. Qxd7+ Kxb6 16. Qxe7 Nxe7 17. e3 Qg6 18. Rd1 Nc6 19. Rg1 Nd8 20. Ne5 Qh5 21. Rd6+ Kc7 22. Rd7+ Kc8 23. f4 g6 24. g4 Qh4+ 25. Ke2 Qxh2+ 26. Rg2 Qh6 27. g5 Qh5+ 28. Kf2 Qh4+ 29. Ke2 Be4 30. Rf2 Qh5+ 31. Nf3 Kxd7 0-1